Stimmt's? #4 - Statistiken

Allgemein
  • Dieses Quiz wurde 198 mal gespielt
  • Das Durchschnittsergebnis liegt bei 7 aus 10
Antwortstatistiken
Frage Antwort % Korrekt
Karl Marx wurde in Chemnitz geboren. Falsch
86%
Pilze sind Pflanzen. Falsch
86%
Brasilien war schon fünfmal Fußball-Weltmeister. Wahr
86%
Russland und Nordkorea haben eine gemeinsame Grenze. Wahr
86%
In Dieselmotoren gibt es keine Zündkerzen. Wahr
86%
Darth Vader ist der Vater von Han Solo. Falsch
71%
Im Wappen Sachsens ist ein Stierkopf mit Krone zu sehen. Falsch
71%
Brasilien war noch nie Weltmeister im Frauenfußball. Wahr
57%
91 ist eine Primzahl Falsch
29%
Giovanni Trapattoni war Trainer der Fußball-Nationalmannschaft des Vatikan. Wahr
0%
Keine übereinstimmenden Quizze gefunden
Verteilung der Resultate
Anzahl Personen mit jedem Resultat
Perzentil nach korrekt beantworteten Fragen
Ihre Resultats-Entwicklung
Sie haben dieses Quiz noch nicht gespielt